Código civil: edición oficial, aprobada por decreto N§ 803, de 29 de agosto de 2000 del Ministerio de Justicia

Պահպանված է:
Մատենագիտական մանրամասներ
Ձևաչափ: Գիրք
Լեզու:իսպաներեն
Հրապարակվել է: Santiago Jurídica de Chile 2001
Հրատարակություն:14a. ed
Խորագրեր:
Ցուցիչներ: Ավելացրեք ցուցիչ
Չկան պիտակներ, Եղեք առաջինը, ով նշում է այս գրառումը!

MARC

LEADER 00000nam a2200000 a 4500
001 UCN1777
003 CL-VaPUC
008 010504e20010000CL |||||||||||||||||spa|d
082 0 4 |a 346.83  |b COD  |2 21 
245 1 0 |a Código civil: edición oficial, aprobada por decreto N§ 803, de 29 de agosto de 2000 del Ministerio de Justicia 
250 |a 14a. ed 
300 |a 1180 p 
942 |c BK 
945 |d 20010504 00:00:00  |a vberengu 
260 |a Santiago  |b Jurídica de Chile  |c 2001 
500 |a Apéndice actualizado a Febrero de 2001 
650 0 |a Bienes  |9 255749 
650 0 |a Código civil chileno  |9 255931 
650 0 |a Contratos  |9 255153 
650 0 |a Derecho sucesorio  |9 255015 
650 7 |a DOMINIO  |2 CL-VaPUC  |9 258676 
650 0 |a Donación entre vivos  |9 385867 
650 0 |a Obligaciones   |9 255578 
650 0 |a Personas  |9 255751 
650 0 |a Posesión   |9 258681 
583 |a last modification  |c 20010504 00:00:00  |k Rodrigo Vera 
999 |c 295007  |d 295005 
952 |0 0  |1 0  |2 ddc  |4 0  |6 346_830000000000000_COD_2001  |7 0  |8 FOND_LRYV  |9 347837  |a BIBDER  |b BIBDER  |d 2019-11-20  |i 3722309  |o 346.83 COD 2001  |p 3722309  |r 2023-01-25  |w 2019-11-20  |y BK_X  |k DER 
952 |0 0  |1 0  |2 ddc  |4 0  |6 346_830000000000000_COD_2001  |7 0  |8 FOND_LRYV  |9 347838  |a BIBDER  |b BIBDER  |d 2019-11-20  |i 3722317  |o 346.83 COD 2001  |p 3722317  |r 2023-01-25  |w 2019-11-20  |y BK_X  |k DER